Excessive Speculation in the Natural Gas Market : Staff Report with Additional Minority Staff Views.

Bibliographic Details
Corporate Authors: United States. Congress. Senate. Committee on Homeland Security and Governmental Affairs. Subcommittee on Investigations, Permanent, ProQuest (Firm)
Format: eBook
Language:English
Published: [Washington] : [U.S. G.P.O.], 2007.
Series:U.S. Congressional Research.
Subjects:
Online Access:Connect to the full text of this electronic book

MARC

Tag First Indicator Second Indicator Subfields
LEADER 00000cam a22000001a 4500
001 in00003346708
006 m d f
007 cr bn mmmapmmp
008 110210s2007 dcu o f000 0 eng d
005 20260429201653.4
035 |a cis2007804001 
040 |a ProQuest  |c ProQuest  |d UtOrBLW 
043 |a n-us--- 
099 |a CMP-2007-HSG-0004 
110 1 |a United States.  |b Congress.  |b Senate.  |b Committee on Homeland Security and Governmental Affairs.  |b Subcommittee on Investigations, Permanent. 
245 1 0 |a Excessive Speculation in the Natural Gas Market :  |b Staff Report with Additional Minority Staff Views. 
264 1 |a [Washington] :  |b [U.S. G.P.O.],  |c 2007. 
300 |a 1 online resource. 
336 |a text  |b txt  |2 rdacontent 
337 |a computer  |b c  |2 rdamedia 
338 |a online resource  |b cr  |2 rdacarrier 
500 |a Record is based on bibliographic data in ProQuest U.S. Congressional Research Digital Collection. Reuse except for individual research requires license from ProQuest, LLC. 
500 |a Electronic resource. 
650 0 |a Natural gas  |x Prices  |z United States. 
650 0 |a Speculation  |z United States. 
650 0 |a Commodity exchanges  |z United States. 
655 7 |a Electronic books.  |2 local 
710 2 |a ProQuest (Firm) 
776 0 8 |i Print version:   |a United States. Congress. Senate. Committee on Homeland Security and Governmental Affairs. Subcommittee on Investigations, Permanent.  |t Excessive Speculation in the Natural Gas Market 
776 0 8 |i Microfiche version:   |a United States. Congress. Senate. Committee on Homeland Security and Governmental Affairs. Subcommittee on Investigations, Permanent.  |t Excessive Speculation in the Natural Gas Market.  |d [Bethesda, Md.] : ProQuest,[2004]  |o CIS 2007 S482-3  |w (ProQuest)cis00703096 
830 0 |a U.S. Congressional Research. 
856 4 0 |u http://proxy.library.tamu.edu/login?url=https://congressional.proquest.com/congcomp/getdoc?CRDC-ID=CMP-2007-HSG-0004  |z Connect to the full text of this electronic book  |t 0 
998 |a cis00703096 
999 |a MARS 
999 f f |s 948008e2-958f-3add-bad8-c13136a4e6f0  |i 4433b202-7490-3b71-b5d5-8d2809550831  |t 0 
952 f f |a Texas A&M University  |b College Station  |c Electronic Resources  |s www_evans  |d Available Online  |t 0  |e CMP-2007-HSG-0004  |h Other scheme 
998 f f |a CMP-2007-HSG-0004  |t 0  |l Available Online